Introduction to system analysis (Record no. 7291)

000 -LEADER
fixed length control field 00582nam a2200217 a 4500
001 - CONTROL NUMBER
control field 7291
003 - CONTROL NUMBER IDENTIFIER
control field BD-DhUET
008 - FIXED-LENGTH DATA ELEMENTS--GENERAL INFORMATION
fixed length control field 840426s1985 nyua b 001 0 eng
020 ## - INTERNATIONAL STANDARD BOOK NUMBER
International Standard Book Number 0070233918
040 ## - CATALOGING SOURCE
Original cataloging agency DLC
Transcribing agency DLC
Modifying agency BD-DhUET
082 00 - DEWEY DECIMAL CLASSIFICATION NUMBER
Classification number 623.192
Item number GLI/1985
100 1# - MAIN ENTRY--PERSONAL NAME
Personal name Glisson, T. H.
245 10 - TITLE STATEMENT
Title Introduction to system analysis
Statement of responsibility, etc. by T.H. Glisson
250 ## - EDITION STATEMENT
Edition statement 1st ed.
260 ## - PUBLICATION, DISTRIBUTION, ETC. (IMPRINT)
Place of publication, distribution, etc. New York
Name of publisher, distributor, etc. McGraw-Hill
Date of publication, distribution, etc. 1985
300 ## - PHYSICAL DESCRIPTION
Extent xv, 700 p.
Other physical details ill.
Dimensions 24 cm.
504 ## - BIBLIOGRAPHY, ETC. NOTE
Bibliography, etc Includes bibliographies
650 #0 - SUBJECT ADDED ENTRY--TOPICAL TERM
Topical term or geographic name as entry element Electric network analysis
650 #0 - SUBJECT ADDED ENTRY--TOPICAL TERM
Topical term or geographic name as entry element System analysis
942 ## - ADDED ENTRY ELEMENTS (KOHA)
Koha item type General Book
Holdings
Shelving location Damaged status Koha date last seen Not for loan Lost status Koha issues (times borrowed) Sublocation or collection (holding branch) Koha item type Copy number Price effective from Location (home branch) Koha date last borrowed Koha normalized classification for sorting Koha full call number Source of classification or shelving scheme Withdrawn status Date acquired Piece designation (barcode)
Circulation section 2014-12-08   Central Library, BUETGeneral Book12014-12-08Central Library, BUET 623_192000000000000_GLI_1985623.192/GLI/1985  2014-12-0879816
Circulation section 2014-12-08   Central Library, BUETGeneral Book22014-12-08Central Library, BUET 623_192000000000000_GLI_1985623.192/GLI/1985  2014-12-0878540
Circulation section 2014-12-08   Central Library, BUETGeneral Book32014-12-08Central Library, BUET 623_192000000000000_GLI_1985623.192/GLI/1985  2014-12-0879819
Circulation section 2014-12-08   Central Library, BUETGeneral Book42014-12-08Central Library, BUET 623_192000000000000_GLI_1985623.192/GLI/1985  2014-12-0878527
Circulation section 2014-12-08   Central Library, BUETGeneral Book52014-12-08Central Library, BUET 623_192000000000000_GLI_1985623.192/GLI/1985  2014-12-0876889
Circulation section 2023-11-14  1Central Library, BUETGeneral Book62014-12-08Central Library, BUET2023-11-14623_192000000000000_GLI_1985623.192/GLI/1985  2014-12-0876888
Circulation section 2014-12-08   Central Library, BUETGeneral Book72014-12-08Central Library, BUET 623_192000000000000_GLI_1985623.192/GLI/1985  2014-12-0879820
Circulation section 2014-12-08   Central Library, BUETGeneral Book82014-12-08Central Library, BUET 623_192000000000000_GLI_1985623.192/GLI/1985  2014-12-0879818
Circulation section 2014-12-08   Central Library, BUETGeneral Book92014-12-08Central Library, BUET 623_192000000000000_GLI_1985623.192/GLI/1985  2014-12-0879817